hoenn 135 - Statistics

General Stats
  • This quiz has been taken 13 times
  • The average score is 92 of 135
Answer Stats
Hint Answer % Correct
6 blaziken
100%
5 combusken
100%
2 grovyle
100%
8 marshtomp
100%
125 metagross
100%
124 metang
100%
7 mudkip
100%
122 salamence
100%
3 sceptile
100%
9 swampert
100%
4 torchic
100%
1 treeko
100%
120 bagon
90%
123 beldum
90%
135 deoxys
90%
79 flygon
90%
132 groudon
90%
131 kyogre
90%
11 mightyena
90%
28 pelipper
90%
10 poochyena
90%
133 rayquaza
90%
121 shelgon
90%
15 silcoon
90%
26 swellow
90%
25 taillow
90%
27 wingull
90%
14 wurmple
90%
12 zigzagoon
90%
96 anorith
80%
16 beautifly
80%
17 cascoon
80%
95 cradily
80%
18 dustox
80%
134 jirachi
80%
129 latias
80%
130 latios
80%
94 lileep
80%
20 lombre
80%
19 lotad
80%
21 ludicolo
80%
86 lunatone
80%
71 numel
80%
127 regice
80%
126 regirock
80%
128 registeel
80%
113 sealeo
80%
38 slaking
80%
36 slakoth
80%
87 solrock
80%
112 spheal
80%
114 walrein
80%
108 absol
70%
55 aggron
70%
83 altaria
70%
97 armaldo
70%
53 aron
70%
72 camerupt
70%
50 delcatty
70%
58 electrike
70%
98 feebas
70%
30 kirlia
70%
54 lairon
70%
13 linoone
70%
99 milotic
70%
23 nuzleaf
70%
60 plusle
70%
29 ralts
70%
22 seedot
70%
85 seviper
70%
24 shiftry
70%
49 skitty
70%
82 swablu
70%
77 trapinch
70%
37 vigoroth
70%
69 wailmer
70%
70 wailord
70%
84 zangoose
70%
92 baltoy
60%
103 banette
60%
100 castform
60%
115 clamperl
60%
93 claydoll
60%
105 dusclops
60%
104 duskull
60%
31 gardevoir
60%
111 glalie
60%
117 gorebyss
60%
46 hariyama
60%
116 huntail
60%
63 illumise
60%
45 makuhita
60%
59 manectric
60%
61 minun
60%
118 relicanth
60%
68 sharpedo
60%
102 shuppet
60%
110 snorunt
60%
32 surskit
60%
73 torkoal
60%
78 vibrava
60%
62 volbeat
60%
88 barboach
50%
35 breloom
50%
67 carvanha
50%
107 chimeco
50%
44 exploud
50%
101 kecleon
50%
43 loudred
50%
57 medicham
50%
40 ninjask
50%
48 nosepass
50%
51 sableye
50%
34 shroomish
50%
76 spinda
50%
89 whiscash
50%
42 whismur
50%
109 wynaut
50%
47 azurill
40%
119 luvdisc
40%
33 masquerain
40%
52 mawile
40%
56 meditite
40%
39 nincada
40%
64 roselia
40%
41 shedinja
40%
106 tropius
40%
80 cacnea
30%
81 cacturne
30%
75 grumpig
30%
65 gulpin
20%
74 spoink
20%
66 swalot
20%
90 corphish
10%
91 crawdaunt
10%
No matching quizzes found
Score Distribution
Percent of People with Each Score
Percentile by Number Answered
Your Score History
You have not taken this quiz